000 00342pab a2200145 454500
008 180718b1988 xxu||||| |||| 00| 0 eng d
100 _aChaturvedi, J.P.
245 _aWhy journalists detest Defamation Bill
260 _c1988
300 _a27-30
362 _a17 Sept.
650 _aPress - India
773 _aMainstream
909 _a16015
999 _c16015
_d16015